000 00825nam a22002777a 4500
001 00772
003 DO-SdBPM
005 20241204085308.0
007 00772
008 160712b1968 sp 00| 0 spa d
040 _aDO-SdBPM
_bspa
_cBPMSU
082 4 _a813.4
_bA355m 1968
_222
092 _axxxxxxx
_bxxxxxxx
100 1 _aAlcott, Luisa M.
_d1832-1888
240 1 0 _aThose little women
_lespañol
245 1 _aAquellas mujercitas /
_cLuisa M. Alcott ; traducción E. M
260 _aBarcelona :
_bEditorial Molino,
_c1968.
300 _a207 p. ;
_c22 cm.
490 0 _aObras juveniles,
_v18
590 _aInventariado, 2024/VM
650 4 _aNovela juvenil estadounidense
650 4 _aLiteratura juvenil estadounidense
700 1 _aM., E
_etraductor
910 _aVMateo V. Control de calidad. BPMSU
942 _2ddc
_cBK
999 _c10839
_d10839